书目信息 |
| 题名: |
家庭备药的合理应用与误区
|
|
| 作者: | 谢惠民 主编 | |
| 分册: | ||
| 出版信息: | 北京 人民卫生出版社 2001.10 |
|
| 页数: | 472页 | |
| 开本: | 20cm | |
| 丛书名: | 家庭用药指导系列 | |
| 单 册: | ||
| 中图分类: | R969.3 | |
| 科图分类: | ||
| 主题词: | 药理学 | |
| 电子资源: | ||
| ISBN: | 7-117-04493-4 | |
| 000 | 00646nam0 2200217 450 | |
| 001 | 0455629407 | |
| 005 | 20040223152708.86 | |
| 010 | @a7-117-04493-4@dCNY21.00 | |
| 100 | @a20040223d2001 km y0chiy0120 ea | |
| 101 | 0 | @achi |
| 102 | @aCN@b110000 | |
| 200 | 1 | @a家庭备药的合理应用与误区@Ajia ting bei yao de he li ying yong yu wu qu@f谢惠民主编@Fxie hui min zhu bian |
| 210 | @a北京@c人民卫生出版社@d2001.10 | |
| 215 | @a472页@d20cm | |
| 225 | 2 | @a家庭用药指导系列 |
| 410 | 0 | @12001 @a家庭用药指导系列 |
| 606 | 0 | @a药理学 |
| 690 | @aR969.3@v4 | |
| 701 | 0 | @a谢惠民@Axie hui min@4主编 |
| 801 | 0 | @aCN@bPFT@c20040223 |
| 905 | @aBZT@dR969.3@e1@f5 | |
| 家庭备药的合理应用与误区/谢惠民主编.-北京:人民卫生出版社,2001.10 |
| 472页;20cm.-(家庭用药指导系列) |
| ISBN 7-117-04493-4:CNY21.00 |
| ● |
| 相关链接 |
|
|
|
正题名:家庭备药的合理应用与误区
索取号:R969.3/1
 
预约/预借
| 序号 | 登录号 | 条形码 | 馆藏地/架位号 | 状态 | 备注 |
| 1 | 2001740576 | 2001740576 | 样本书库/样005架A面5层2列/ [索取号:R969.3/1] | 在馆 |